Sereď - autocamping v správe Komunálnych služieb okresu Galanta

Zobrazenie: Pohľad na otvorenú bránu do campu. Za ňou na chodníku vľavo je žena a vpravo auto, pri ktorom je muž. V pozadí sú chatky a stromy

Bibliographic Details
Format: Photo
Language:Slovak
PhysicalDescription:1 pohľadnica čiernobiela 11 x 15 cm
Published: Bratislava Šport 1967
Subjects:

MARC

LEADER 00000nkm a2200000 a 4500
001 vtls011783156
003 SK-MaSNL
005 20260302055433.0
007 kf bo
008 230718s1967 xo g kuslo
015 |a SNBG1967 
035 |a urn:nbn:sk:snk-km00dps2 
035 |a urn:nbn:sk:snk-km3lxir 
035 |a 9E721A32-05F5-4521-AF74-7FA8DF7402AE 
040 |a SNK  |b slo  |c SNK  |e AACR2 
041 0 |a slo 
043 |a e-xo--- 
044 |a xo  |c SK 
072 7 |a 913  |x Regionálna geografia  |2 konspekt 
080 |a 913(437.6)  |2 2011 
080 |a 711.455.8  |2 2011 
080 |a (084.121)  |2 2011 
245 0 0 |a Sereď - autocamping v správe Komunálnych služieb okresu Galanta  |h grafika 
260 |a Bratislava  |b Šport  |c 1967 
300 |a 1 pohľadnica  |b čiernobiela  |c 11 x 15 cm 
520 8 |a Zobrazenie: Pohľad na otvorenú bránu do campu. Za ňou na chodníku vľavo je žena a vpravo auto, pri ktorom je muž. V pozadí sú chatky a stromy 
650 0 7 |a autokempingy  |2 SNKPH  |9 784 
651 7 |a Sereď (Slovensko)  |2 SNKPHgeo  |9 59452 
655 7 |a miestne pohľadnice  |2 SNKPH  |9 70510 
852 |a Slovenská národná knižnica 
954 |a pohľadnice pôvodné (slovenské)  |2 lita 
958 |a GBN 
958 |a GC 
958 |a OND 
958 |a EUIPO 
999 |c 1117321  |d 1119251 
952 |a SNK  |b SNK  |y PREZ  |7 0  |p 17A1277037  |o snkSP 44889  |0 0  |1 0  |4 0  |d 2018-10-05  |f 1  |l 0  |r 2026-02-24 18:20:31  |w 2026-02-24